00370pab a2200121 454500008004000000100002900040245007700069260000900146300001400155362001300169650003200182773003400214180718b1991 xxu||||| |||| 00| 0 eng d aBhattacharya, Sabyasachi aColonial power and micro - social interactionsbNineteenth century India c1991 a1399-1403 a1-8 June aColonial Government - India aEconomic and Political Weekly